Neelektrolyticky nanášané povlaky s mikrolamelami zinku = Non-electrolytically applied zinc flake coatings : Diplomová práca

Salvato in:
Dettagli Bibliografici
Autore principale: Hoško, Jozef (Autore)
Altri autori: Kubík, Jaroslav (xxx)
Natura: Manoscritto Libro
Lingua:slovacco
Pubblicazione: Trnava : STU v Bratislave MTF UMAT, 2009
Soggetti:
Tags: Aggiungi Tag
Nessun Tag, puoi essere il primo ad aggiungerne!!

MARC

LEADER 00000ntm a22000003a 4500
001 stu186223
005 20160719160046.0
008 090629s2009----xo------------------slo-d
040 |a STU  |b slo 
041 0 |a slo 
044 |a xo 
100 1 |a Hoško, Jozef  |4 aut 
245 1 |a Neelektrolyticky nanášané povlaky s mikrolamelami zinku = Non-electrolytically applied zinc flake coatings :  |b Diplomová práca 
260 |a Trnava :  |b STU v Bratislave MTF UMAT,  |c 2009 
300 |a 76 s  |c Prílohy, 1 CD-ROM 
500 |a Študijný program: technické materiály 
500 |a Študijný odbor: 5.2.26 materiály 
650 7 |a korózia  |2 stusub 
650 7 |a Korózia-ochrana  |2 stusub 
650 7 |a povlaky  |2 stusub 
700 1 |a Kubík, Jaroslav  |4 xxx 
700 1 |a Hudáková, Mária,  |d 1962-  |4 csl  |u M1000  |U MTF Materiálovotechnologická fakulta  |T MTF Ústav materiálov  |X 2754  |U M1000  |Y 81  |7 A000002754 
996 |b 284M070615  |c M*DP-7938  |l MMSKP  |s P  |a 0  |w stu186223_0001